Molecular tools in plant genetic resources conservation : A guide to the technologies
Contents: Introduction; the need for improved genetic resolution; a brief review of the basic techniques; using the different techniques; using the decision-making chart.
שמור ב:
| פורמט: | ספר |
|---|---|
| שפה: | Undetermined |
| יצא לאור: |
Italy
International Plant Genetic Resources Institute
1997
|
| נושאים: | |
| תגים: |
הוספת תג
אין תגיות, היה/י הראשונ/ה לתייג את הרשומה!
|
| Thư viện lưu trữ: | Trung tâm Học liệu Trường Đại học Cần Thơ |
|---|
| LEADER | 00764nam a2200193Ia 4500 | ||
|---|---|---|---|
| 001 | CTU_138230 | ||
| 008 | 210402s9999 xx 000 0 und d | ||
| 082 | |a 581.3 | ||
| 082 | |b M718 | ||
| 245 | 0 | |a Molecular tools in plant genetic resources conservation : | |
| 245 | 2 | |b A guide to the technologies | |
| 245 | 0 | |c A.Karp ... [et al.] | |
| 260 | |a Italy | ||
| 260 | |b International Plant Genetic Resources Institute | ||
| 260 | |c 1997 | ||
| 520 | |a Contents: Introduction; the need for improved genetic resolution; a brief review of the basic techniques; using the different techniques; using the decision-making chart. | ||
| 650 | |a Plant molecular biology,Mô thực vật | ||
| 904 | |i Tuyến | ||
| 980 | |a Trung tâm Học liệu Trường Đại học Cần Thơ | ||